• 首页
  • 本馆介绍
  • 公告通知
  • 最新文献
  • 馆藏检索
  • 电子资源
  • 读者导购
  • 参考咨询
  • 我的图书馆
  • 登录
  • 详细信息显示
  • 放入我的书架
  • 预约/预借图书
  • 作者相关作品
  • 分类相关作品
  • 丛书相关作品
  • 出版社相关作品

书目信息

  • 表格格式
  • 工作单格式
  • 卡片格式
题名:
现代汉语虚词
    
 
作者: 景士俊 著
分册:  
出版信息: 呼和浩特   内蒙古人民出版社  1980.07
页数: 323页
开本: 20cm
丛书名:
单 册:
中图分类: H146.1
科图分类:
主题词: 汉语--语法
电子资源:
ISBN:
000 00555nam0 2200205 45
001 0303201020
005 20031219104107.2
010    @dCNY0.95
091    @a7089.152
100    @a20030320d1980 km y0chiy0120 ea
101 0  @achi
105    @a z 000yy
200 1  @a现代汉语虚词@AXian Dai Han Yu Xu Ci@f景士俊著@FJing Shi Jun Zhu
210    @a呼和浩特@c内蒙古人民出版社@d1980.07
215    @a323页@d20cm
606 0  @a汉语@x语法
690    @aH146.1@v3
701  0 @a景士俊@4著
801    @aCN@bTSTC@c20031113
905    @dH146.1@e5@f3@b67678-680@f1@b67676
    
    现代汉语虚词/景士俊著.-呼和浩特:内蒙古人民出版社,1980.07
    323页;20cm
    
    
    ISBN :CNY0.95
    
●
相关链接 在E读中查询图书 在五车中查询图书 在当当中查询图书 在豆瓣中查询图书


正题名:现代汉语虚词     索取号:H146.1/5         预约/预借

序号 登录号 条形码 馆藏地/架位号 状态 备注
1 0067676   001526058   密集书库/ [索取号:H146.1/5] 在馆    
2 0067677   001767920   密集书库/ [索取号:H146.1/5] 在馆    
3 0067678   001526101   密集书库/ [索取号:H146.1/5] 在馆    
4 0067679   001526110   密集书库/ [索取号:H146.1/5] 在馆    
5 0067680   001526129   密集书库/ [索取号:H146.1/5] 在馆    
唐山师范学院图书馆 欢迎您!
大连网信软件有限公司© 版权所有